000 01063cab a2200277 4500
001 ABS55769
008 090401t1996 xxu||||| |||| 00| 0 eng d
035 _a(Sirsi) u18690
041 _aeng
100 _aBowen, P.
245 _aInterpersonal communication in cost planning during the building design phase
260 _c1996
350 _a0
490 _aConstruction Management & Economics
_v(1996) 14, 395-404(10)
520 _aThrough structured interviews with building clients, architects and quantity surveyors, investigates the process of communication at the cost planning stage of building projects in South Africa. Concludes that quantity surveyors fail to communicate effectively with their clients and architects.
650 _aARCHITECTS
650 _aBUILT ENVIRONMENT-CONSTRUCTION DESIGN
650 _aCLIENTS BRIEF
650 _aCOMMUNICATIONS THEORY
650 _aCOST PLANNING
650 _aQUANTITY SURVEYORS
690 _aBUILT ENVIRONMENT-BUILDING COSTS
700 _aEdwards, P.
942 _n0
948 _c04/03/1997
999 _c12439
_d12439